| 000 | 00419nam a2200121Ia 4500 | ||
|---|---|---|---|
| 008 | 220620s9999||||xx |||||||||||||| ||und|| | ||
| 100 | _aSavelsberg, Joachim J. | ||
| 245 | 0 |
_aKnowing about Genocide _bArmenian Suffering and Epistemic Struggles |
|
| 546 | _aEnglish[eng] | ||
| 650 | _aLaw & Society||Sociology | ||
| 856 | _uhttps://library.oapen.org/bitstream/20.500.12657/48799/1/knowing-about-genocide.pdf | ||
| 942 | _cEB | ||
| 999 |
_c23601 _d23601 |
||